000 00567nam a2200241Ia 4500
003 OSt
005 20220918203129.0
006 a|||||r|||| 00| 0
007 ta
008 220917b |||||||| |||| 00| 0 eng d
024 _a106,249
037 _cTextual
040 _aARTS
_cARTS
_beng
041 _2eng
_aeng
082 _aV3:5:N5, K4
100 _aBlount C H C
_9106972
245 0 _aLast hundred years
250 _a2nd
260 _c1964
650 _aHISTORY
942 _hV3:5:N5, K4
_cTEXL
_2CC
999 _c229607
_d229607